000
00263nam a2200085Ia 4500
245
0
_a
Under a black cloud : our atmosphere under attack
100
_a
SPALDING, Frank New York, 2009 1st ed
_9
69922
942
_c
BK
008
210818s9999 xx 000 0 und d
999
_c
443038
_d
443038